00435nam a2200133 a 45000010005000000030005000050050017000100080041000270400026000682450118000942600040002124900020002527000029002723749CDMR20130320110015.0130130s1994||||||||||||||||||||||||||||d aCDMRbcatcCPC LLEIDA00aViolència política i ruptura social a Espanya, 1936-1945cJaume Barrull Pelegrí, coordinació ... [et al.] aLleidac1994bUniversitat de Lleida0 aEspai/Tempsv231 aBarrull Pelegrí, Jaume